Empowering the Indian woman / (Record no. 65275)

MARC details
000 -LEADER
fixed length control field 00519nam a22001457a 4500
005 - DATE AND TIME OF LATEST TRANSACTION
control field 2012041904314.0
020 ## - INTERNATIONAL STANDARD BOOK NUMBER
International Standard Book Number 8123009720
Terms of availability 135.00
035 ## - SYSTEM CONTROL NUMBER
System control number B-85615
037 ## - SOURCE OF ACQUISITION
Stock number DPL
Source of stock number/acquisition ENG
245 ## - TITLE STATEMENT
Title Empowering the Indian woman /
Statement of responsibility, etc Comp. and edited by Promilla Kapur
260 ## - PUBLICATION, DISTRIBUTION, ETC. (IMPRINT)
Place of publication, distribution, etc New Delhi
Name of publisher, distributor, etc Publication Division
Date of publication, distribution, etc 2001
300 ## - PHYSICAL DESCRIPTION
Extent 440p.
Dimensions 20 cms.
942 ## - ADDED ENTRY ELEMENTS (KOHA)
Source of classification or shelving scheme Dewey Decimal Classification
Item type English Books
Classification part 305.4
Call number suffix EMP
Holdings
Withdrawn status Lost status Not for loan Collection code Home library Current library Date acquired Cost, normal purchase price Full call number Barcode Cost, replacement price Koha item type Public note
      Non-fiction Sarojini Nagar Sarojini Nagar 19/04/2012 135.00 305.4 EMP B-85615 135.00 English Books Withdrawn List Prepared List No.5/18

© Delhi Public Library
Hit Counter
free hit counter